[Event "CYP-ch op"]
[Site "Nikosia"]
[Date "2021.06.19"]
[Round "5"]
[White "Ioannou, Constantinos"]
[Black "Markides, Markellos"]
[Result "1/2-1/2"]
[WhiteElo "1180"]
[BlackElo "1431"]
[PlyCount "98"]
[EventDate "2021.06.11"]
[EventType "swiss"]
[EventRounds "7"]
[EventCountry "CYP"]
[SourceTitle "EXT 2023"]
[Source "ChessBase"]
[SourceDate "2022.10.05"]
[SourceVersion "1"]
[SourceVersionDate "2022.10.05"]
[SourceQuality "1"]

1. e4 c5 2. Nf3 e6 3. d4 cxd4 4. Qxd4 Nc6 5. Qe3 Qc7 6. Nc3 a6 7. Bd3 Nf6 8. h3 Bd6 9. 0-0 h6 10. Re1 Ne5 11. Bd2 0-0 12. Nxe5 Bxe5 13. Kh1 b5 14. f4 Bd6 15. e5 Bc5 16. Qf3 Bb7 17. Qg3 Nh5 18. Qg4 g6 19. f5 exf5 20. Bxf5 Rfe8 21. Bxh6 Rxe5 22. Be4 Rae8 23. Bf4 Nxf4 24. Qxf4 d5 25. Nxd5 Bxd5 26. Re2 Bxe4 27. Rxe4 Qe7 28. Rxe5 Qxe5 29. Qxe5 Rxe5 30. c3 Re2 31. b4 Bf2 32. a4 bxa4 33. Rxa4 Bg3 34. Ra1 Rc2 35. Kg1 Rxc3 36. Kf1 Rb3 37. Rxa6 Rxb4 38. Ra3 Be5 39. Ke2 Rb2+ 40. Kf3 g5 41. g3 Rh2 42. Kg4 f6 43. h4 gxh4 44. gxh4 Kh7 45. Kh5 Rc2 46. Rd3 Rc7 47. Rd2 Re7 48. Rg2 Rg7 49. Rg6 Rxg6 1/2-1/2

[Event "CYP-ch op"]
[Site "Nikosia"]
[Date "2021.06.13"]
[Round "3"]
[White "Ioannou, Constantinos"]
[Black "Vermehren, Nicolas"]
[Result "0-1"]
[WhiteElo "1180"]
[BlackElo "1573"]
[PlyCount "110"]
[EventDate "2021.06.11"]
[EventType "swiss"]
[EventRounds "7"]
[EventCountry "CYP"]
[SourceTitle "EXT 2023"]
[Source "ChessBase"]
[SourceDate "2022.10.05"]
[SourceVersion "1"]
[SourceVersionDate "2022.10.05"]
[SourceQuality "1"]

1. e4 e5 2. Nf3 Nc6 3. d4 exd4 4. Nxd4 Bc5 5. Nb3 Bb6 6. Qe2 d6 7. Nc3 Nf6 8. Be3 Be6 9. Bg5 0-0 10. Qf3 Ne5 11. Qf4 Ng6 12. Bxf6 Nxf4 13. Bxd8 Raxd8 14. Nd2 Rfe8 15. 0-0-0 Bxf2 16. g3 Ng6 17. Bc4 Bh3 18. Bf1 Bg4 19. Ne2 d5 20. h3 Bxe2 21. Bxe2 dxe4 22. g4 Nf4 23. Bc4 e3 24. Ne4 Rxd1+ 25. Rxd1 e2 26. Nxf2 exd1Q+ 27. Kxd1 Rd8+ 28. Kc1 Rd4 29. b3 h5 30. c3 Rd6 31. Ne4 Rg6 32. gxh5 Rg1+ 33. Kb2 Rg2+ 34. Ka3 Nxh5 35. h4 Rg4 36. Ng5 Kf8 37. Nh7+ Ke7 38. Ng5 f6 39. Nf3 Rf4 40. Nd4 c5 41. Nb5 a6 42. Nc7 Rxh4 43. Nd5+ Kd6 44. Ne3 Ke5 45. Be2 b5 46. Ng4+ Kf4 47. Nf2 Ke3 48. Bxh5 Rxh5 49. Nd1+ Ke2 50. Nb2 Kd2 51. b4 Kxc3 52. bxc5 b4+ 53. Ka4 Kxb2 54. Kxb4 g5 55. c6 g4 0-1

[Event "CYP-ch op"]
[Site "Nikosia"]
[Date "2021.06.11"]
[Round "1"]
[White "Ioannou, Constantinos"]
[Black "Georgiou, Andreas"]
[Result "0-1"]
[WhiteElo "1180"]
[BlackElo "1765"]
[PlyCount "80"]
[EventDate "2021.06.11"]
[EventType "swiss"]
[EventRounds "7"]
[EventCountry "CYP"]
[SourceTitle "EXT 2023"]
[Source "ChessBase"]
[SourceDate "2022.10.05"]
[SourceVersion "1"]
[SourceVersionDate "2022.10.05"]
[SourceQuality "1"]

1. e4 c6 2. d4 g6 3. Nc3 Bg7 4. f4 d5 5. e5 Nh6 6. Nf3 Bg4 7. h3 Bxf3 8. Qxf3 Nf5 9. Be3 Nxe3 10. Qxe3 e6 11. Be2 Qh4+ 12. g3 Qe7 13. 0-0-0 Nd7 14. h4 h5 15. Kb1 0-0-0 16. a3 Kb8 17. Na2 c5 18. c3 Rc8 19. Nc1 c4 20. b3 Qxa3 21. bxc4 Rc6 22. c5 b6 23. Bb5 Rhc8 24. Rd2 Qa5 25. Bxc6 Rxc6 26. Rb2 Kc7 27. cxb6+ Nxb6 28. Rb4 Bf8 29. Nb3 Qa3 30. Nc5 Bxc5 31. dxc5 Nc4 32. Qc1 Qa5 33. Kc2 Qxc5 34. Kd3 Qf2 35. Rg1 Qf3+ 36. Kc2 Qf2+ 37. Kb3 Ra6 38. Ra4 Rxa4 39. Kxa4 Qa2+ 40. Kb4 Kc6 0-1

[Event "Wch FIDE Online U12 Europe qual"]
[Site "Tornelo INT"]
[Date "2020.12.07"]
[Round "2"]
[White "Ioannou, Constantinos"]
[Black "Thatte, Nishchal"]
[Result "0-1"]
[WhiteElo "1337"]
[BlackElo "1828"]
[PlyCount "92"]
[EventDate "2020.12.07"]
[EventType "swiss (rapid)"]
[EventRounds "7"]
[EventCountry "ISS"]
[SourceTitle "EXT 2022"]
[Source "ChessBase"]
[SourceDate "2021.10.06"]
[SourceVersion "1"]
[SourceVersionDate "2021.10.06"]
[SourceQuality "1"]

1. e4 e6 2. d4 d5 3. exd5 exd5 4. Nf3 Nc6 5. Nc3 Bg4 6. Be2 Bb4 7. 0-0 Nge7 8. h3 Bh5 9. Ng5 Bxe2 10. Qxe2 Nxd4 11. Qd3 Ndc6 12. Nb5 h6 13. Nf3 a6 14. Nbd4 0-0 15. Nxc6 Nxc6 16. Nd4 Ne5 17. Qg3 Ng6 18. f4 Qf6 19. c3 Bc5 20. Be3 Rfe8 21. Kh1 Bd6 22. Qf2 c5 23. Nc2 Rac8 24. f5 Ne5 25. Rad1 Red8 26. Rxd5 Bf8 27. Rfd1 b6 28. Qg3 Nc4 29. Rxd8 Rxd8 30. Rxd8 Qxd8 31. Bxh6 Qd1+ 32. Ne1 Nd6 33. f6 Nf5 34. fxg7 Nxg3+ 35. Kh2 Bxg7 36. Bxg7 Kxg7 37. Kxg3 Qxe1+ 38. Kf4 Qf2+ 39. Kg4 Qxb2 40. g3 Qxc3 41. h4 Qd4+ 42. Kg5 f6+ 43. Kh5 Qe5+ 44. Kg4 Qe4+ 45. Kh3 f5 46. h5 Qh1# 0-1

[Event "EU-ch Online U12"]
[Site "Tornelo INT"]
[Date "2020.09.20"]
[Round "9"]
[White "Ioannou, Constantinos"]
[Black "Ivanov, Andrey6666"]
[Result "0-1"]
[WhiteElo "1337"]
[BlackElo "1261"]
[PlyCount "44"]
[EventDate "2020.09.18"]
[EventType "swiss (rapid)"]
[EventRounds "9"]
[EventCountry "NET"]
[SourceTitle "EXT 2023"]
[Source "ChessBase"]
[SourceDate "2022.10.05"]
[SourceVersion "1"]
[SourceVersionDate "2022.10.05"]
[SourceQuality "1"]
[WhiteTeam "Zypern"]
[BlackTeam "Macedonia"]
[WhiteTeamCountry "CYP"]
[BlackTeamCountry "MKD"]

1. d4 f5 2. e3 Nf6 3. Bd3 g6 4. f4 Bg7 5. Nf3 d6 6. 0-0 0-0 7. Qe2 Kh8 8. Bc4 c6 9. Bd3 Qc7 10. Ng5 h6 11. Nf3 Nbd7 12. Bc4 e5 13. fxe5 dxe5 14. dxe5 Nxe5 15. b3 Nfg4 16. g3 Nxf3+ 17. Qxf3 Bxa1 18. Ba3 Re8 19. c3 Rxe3 20. Qd1 Rxg3+ 21. Kh1 Rg1+ 22. Kxg1 Qxh2# 0-1

[Event "EU-ch Online U12"]
[Site "Tornelo INT"]
[Date "2020.09.19"]
[Round "6"]
[White "Samorukov, Egor"]
[Black "Ioannou, Constantinos"]
[Result "0-1"]
[WhiteElo "1081"]
[BlackElo "1337"]
[PlyCount "44"]
[EventDate "2020.09.18"]
[EventType "swiss (rapid)"]
[EventRounds "9"]
[EventCountry "NET"]
[SourceTitle "EXT 2023"]
[Source "ChessBase"]
[SourceDate "2022.10.05"]
[SourceVersion "1"]
[SourceVersionDate "2022.10.05"]
[SourceQuality "1"]
[WhiteTeam "Monaco"]
[BlackTeam "Zypern"]
[WhiteTeamCountry "MNC"]
[BlackTeamCountry "CYP"]

1. e4 e6 2. d4 d5 3. Nc3 dxe4 4. Nxe4 Bd7 5. Nf3 Bc6 6. Bd3 Nd7 7. 0-0 Ngf6 8. Bg5 Be7 9. Re1 Nxe4 10. Bxe4 Bxg5 11. Nxg5 Qxg5 12. Bxc6 bxc6 13. Re5 Nxe5 14. dxe5 Qxe5 15. g3 0-0 16. b3 Rfd8 17. Qc1 Rd5 18. Rb1 Rad8 19. Qf1 Qh5 20. Qa6 Qf3 21. Qxc6 Rd1+ 22. Rxd1 Rxd1# 0-1

[Event "EU-ch U10"]
[Site "Bratislava"]
[Date "2019.08.09"]
[Round "8"]
[White "Ioannou, Constantinos"]
[Black "Roubal, Matyas"]
[Result "1/2-1/2"]
[WhiteElo "1331"]
[BlackElo "1130"]
[PlyCount "86"]
[EventDate "2019.08.02"]
[EventType "swiss"]
[EventRounds "9"]
[EventCountry "SVK"]
[SourceTitle "EXT 2020"]
[Source "ChessBase"]
[SourceDate "2019.10.17"]
[SourceVersion "1"]
[SourceVersionDate "2019.10.17"]
[SourceQuality "1"]

1. e4 e5 2. d4 exd4 3. c3 dxc3 4. Bc4 Nc6 5. Nxc3 Nf6 6. Nf3 Bb4 7. Bg5 h6 8. Bxf6 Qxf6 9. Qd3 d6 10. 0-0 0-0 11. a3 Bxc3 12. bxc3 Bg4 13. Nd4 Ne5 14. Qg3 Nxc4 15. Qxg4 Ne5 16. Qe2 Rfe8 17. Rfe1 g6 18. Nb5 c6 19. Nc7 Rac8 20. Nxe8 Rxe8 21. Rab1 b5 22. Rec1 Nc4 23. a4 a6 24. f3 d5 25. axb5 cxb5 26. Qd3 Qb6+ 27. Qd4 Qxd4+ 28. cxd4 dxe4 29. Re1 e3 30. Ra1 Re6 31. Kf1 b4 32. Ra4 a5 33. Ke2 Rd6 34. Raa1 Rxd4 35. Red1 Rh4 36. h3 b3 37. Rd8+ Kg7 38. Rb8 b2 39. Ra4 Rd4 40. Rxb2 Nxb2 41. Rxd4 a4 42. Rd8 a3 43. Ra8 Nc4 1/2-1/2

[Event "EU-ch U10"]
[Site "Bratislava"]
[Date "2019.08.06"]
[Round "5"]
[White "Gut, Lionel"]
[Black "Ioannou, Constantinos"]
[Result "1-0"]
[WhiteElo "1663"]
[BlackElo "1331"]
[PlyCount "91"]
[EventDate "2019.08.02"]
[EventType "swiss"]
[EventRounds "9"]
[EventCountry "SVK"]
[SourceTitle "EXT 2020"]
[Source "ChessBase"]
[SourceDate "2019.10.17"]
[SourceVersion "1"]
[SourceVersionDate "2019.10.17"]
[SourceQuality "1"]

1. d4 Nf6 2. c4 e6 3. Nc3 Bb4 4. e3 0-0 5. Nge2 b6 6. a3 Be7 7. Nf4 d5 8. cxd5 Nxd5 9. Ncxd5 exd5 10. g3 Bb7 11. Bg2 Bg5 12. Nd3 Na6 13. Qc2 Qd6 14. 0-0 Rac8 15. Bh3 f5 16. b4 c5 17. bxc5 bxc5 18. dxc5 Nxc5 19. Nxc5 Rxc5 20. Qb1 Qc6 21. Bg2 Bf6 22. Ra2 Ba6 23. Rd1 g6 24. Rc2 Rd8 25. Rxc5 Qxc5 26. Bb2 Bxb2 27. Qxb2 Bc4 28. Qf6 Rd6 29. Qb2 Rb6 30. Qe5 Qd6 31. Bxd5+ Bxd5 32. Qxd5+ Qxd5 33. Rxd5 Ra6 34. Rd8+ Kg7 35. Rd7+ Kg8 36. Rd3 h5 37. h4 Kf7 38. Kf1 Ke6 39. Ke2 Ra5 40. Kd2 Rd5 41. Rxd5 Kxd5 42. Kd3 a5 43. a4 Kc5 44. Kc3 Kd5 45. f3 Kc5 46. e4 1-0

[Event "EU-ch U10"]
[Site "Bratislava"]
[Date "2019.08.04"]
[Round "3"]
[White "Snitsarenko, Ilja"]
[Black "Ioannou, Constantinos"]
[Result "1/2-1/2"]
[WhiteElo "1139"]
[BlackElo "1331"]
[PlyCount "166"]
[EventDate "2019.08.02"]
[EventType "swiss"]
[EventRounds "9"]
[EventCountry "SVK"]
[SourceTitle "EXT 2020"]
[Source "ChessBase"]
[SourceDate "2019.10.17"]
[SourceVersion "1"]
[SourceVersionDate "2019.10.17"]
[SourceQuality "1"]

1. e4 d5 2. exd5 Qxd5 3. Nc3 Qa5 4. d4 c6 5. Bd2 Qc7 6. Bd3 Nf6 7. Nf3 Bg4 8. 0-0 e6 9. h3 Bh5 10. Be2 Bd6 11. Re1 Nbd7 12. Be3 0-0 13. a3 Rfe8 14. b4 b6 15. Na4 Nd5 16. Qd3 Nxe3 17. Qxe3 c5 18. dxc5 bxc5 19. bxc5 Nxc5 20. Nc3 Bg6 21. Nb5 Qc6 22. Nfd4 Qb6 23. Nxd6 Qxd6 24. Nb5 Qb6 25. c4 a6 26. Nc3 Qa5 27. Bf3 Rab8 28. Nd5 f6 29. Nf4 Rb3 30. Qd4 e5 31. Qd5+ Bf7 32. Qc6 Re7 33. Bd5 Bxd5 34. Qxd5+ Kf8 35. Qd6 Rb6 36. Qd8+ Re8 37. Ne6+ Nxe6 38. Qd3 Nc5 39. Qxh7 Rbb8 40. Qh8+ Kf7 41. Qh5+ Kg8 42. f4 Nd3 43. Re4 Nxf4 44. Rxf4 Qb6+ 45. Rf2 Red8 46. Qe2 Qd4 47. Raf1 Rb3 48. Qa2 Rc3 49. c5+ Qc4 50. Qb2 Qxc5 51. Qa2+ Kh8 52. Ra1 Rc1+ 53. Rxc1 Qxc1+ 54. Rf1 Qc5+ 55. Kh1 Qd5 56. Qe2 Kg8 57. Qxa6 Ra8 58. Qb6 Qa5 59. Qxa5 Rxa5 60. Rf3 Kf7 61. Kh2 Ke6 62. g4 Kd5 63. Kg3 Ra6 64. h4 e4 65. Re3 Ke5 66. Rb3 Ra7 67. Re3 f5 68. gxf5 Kxf5 69. Rb3 Ra5 70. Re3 Ra6 71. Rb3 Rg6+ 72. Kh3 Kf4 73. a4 e3 74. Rb8 Rg3+ 75. Kh2 e2 76. Rf8+ Kg4 77. Re8 Ra3 78. Rxe2 Rxa4 79. Rg2+ Kf3 80. Rxg7 Rxh4+ 81. Kg1 Rf4 82. Rg2 Ke4 83. Ra2 Kf5 1/2-1/2

[Event "EU-ch U10"]
[Site "Bratislava"]
[Date "2019.08.03"]
[Round "2"]
[White "Ioannou, Constantinos"]
[Black "Toktomushev, Teimur"]
[Result "0-1"]
[WhiteElo "1331"]
[BlackElo "1977"]
[PlyCount "100"]
[EventDate "2019.08.02"]
[EventType "swiss"]
[EventRounds "9"]
[EventCountry "SVK"]
[SourceTitle "EXT 2020"]
[Source "ChessBase"]
[SourceDate "2019.10.17"]
[SourceVersion "1"]
[SourceVersionDate "2019.10.17"]
[SourceQuality "1"]

1. e4 c5 2. c3 d5 3. exd5 Qxd5 4. d4 e5 5. Be3 cxd4 6. cxd4 exd4 7. Qxd4 Qxd4 8. Bxd4 Nc6 9. Bb5 Bd7 10. Nf3 a6 11. Bxc6 Bxc6 12. Nbd2 0-0-0 13. 0-0 f6 14. Rac1 Bb4 15. Be3 Ne7 16. Rfd1 Nf5 17. Bb6 Rd3 18. a3 Bd6 19. Re1 Bf4 20. Rc2 Bc7 21. Bxc7 Kxc7 22. Rd1 Kb8 23. Rb1 Rhd8 24. Nf1 Bxf3 25. gxf3 Nd4 26. Rc3 Ne2+ 27. Kg2 Nxc3 28. bxc3 Rxc3 29. a4 Rc4 30. a5 Ra4 31. Ne3 Rxa5 32. h4 Rb5 33. Rc1 a5 34. Ra1 Rc5 35. Kg3 Rd4 36. f4 a4 37. Kf3 Rc3 38. Ke2 a3 39. Ra2 Rb3 40. Kf3 Ra4 41. Kg2 Rb2 42. Ra1 a2 43. Nd1 Rb1 44. Rxa2 Rxa2 45. Nc3 Rbb2 46. Nxa2 Rxa2 47. Kf1 b5 48. f3 b4 49. Ke1 Rc2 50. Kd1 b3 0-1